000 00449nam a2200193Ia 4500
005 20240823035616.0
008 240823s9999||||xx |||||||||||||| ||und||
020 _a978-0-14-11-118385-5
041 _aENGLISH
082 _A863.64 P0
100 _aJorge Luis Borges
245 2 _aA Universal History of Iniquity
250 _a1st
260 _c2000
_bPenguin
500 _aYES
650 _aNovel
_bEnglish
942 _cBK
999 _c201095
_d201095